Occidente durante la alta Edad Media : economías y sociedades /
Uloženo v:
| Hlavní autor: | |
|---|---|
| Médium: | Kniha |
| Jazyk: | španělština |
| Edice: | (Nueva Clío. La Historia y sus Problemas ;
14) |
| Témata: | |
| Tagy: |
Žádné tagy, Buďte první, kdo vytvoří štítek k tomuto záznamu!
|
MARC
| LEADER | 00000nam^a2200000^a^4500 | ||
|---|---|---|---|
| 001 | 000127001 | ||
| 005 | 20250521000000.0 | ||
| 009 | 20260310094747.617 | ||
| 020 | |a 84-335-9323-4 | ||
| 037 | |a Acervo ITESO - Biblioteca | ||
| 041 | |a ESP | ||
| 082 | |a 940. 12 |b DOE | ||
| 100 | |a Doehaerd, Renée |e (autor) | ||
| 245 | 1 | 0 | |a Occidente durante la alta Edad Media : |b economías y sociedades / |c R. Doehaerd ; tr. por M. Angeles Ibañez. |
| 264 | |a Barcelona, España : |b Labor, |c 1974 | ||
| 300 | |a 333 p. | ||
| 336 | |a texto |b txt |2 rdacontenido | ||
| 337 | |a sin mediación |b n |2 rdamedio | ||
| 338 | |a volumen |b nc |2 rdasoporte | ||
| 440 | 1 | |a (Nueva Clío. |p La Historia y sus Problemas ; |v 14) | |
| 500 | |a Traducción de: Les Haut Moyen Age occidental: économies et sociétes | ||
| 649 | |a XX | ||
| 650 | |a Economía - |z Europa - |x Historia - |y 476-1492 | ||
| 650 | |a Sociedad - |z Europa - |x Historia - |y 476-1492 | ||
| 650 | |a Europa - |x Historia - |y 476-1492 | ||
| 650 | |a Edad Media - |x Historia | ||
| 910 | |a Fondo Salvador Reynoso Reynoso | ||
| 920 | |a Impresos - Libros | ||
| 930 | |a Fondos Especiales | ||
| 905 | |a 112 | ||
| 901 | |a 0800009178 |b IT2 |c ESP |u 20250521 | ||
| 902 | |a https://opac.biblio.iteso.mx/vufind/Record/000127001 | ||